000 00304nam a22001337a 4500
008 170728b xxu||||| |||| 00| 0 eng d
020 _a9780789719034
041 _aeng
080 _211TH
_a004
100 _a32
101 _aSHK
245 _aUPGRADING AND REPAIRING PCs
_cMUELLER'S,S
942 _2udc
_cBK
999 _c22141
_d22141